000 00504nam a2200181Ia 4500
001 9089
005 20260306160658.0
008 260306t2015||||xx |||||||||||||| ||spa||
041 _aESP
082 _a372.6
_bG98C
100 _aGuzmán-Simón, Fernando
_eAUT
245 0 _aEscritura y lectura en educación infantil:
_bconceptos, secuencias didácticas y evaluación. Cuadernillo
260 _c2015
300 _a77 páginas :
_c24 cm.
650 _aGEN
654 _aCED
942 _cLIB
_dJUS
_fJUS
_2ddc
_n
999 _c9089
_d9089